000 00546nam a2200217Ia 4500
003 OSt
005 20220928144844.0
006 a|||||r|||| 00| 0
007 ta
008 220927b |||||||| |||| 00| 0 eng d
024 _a76445
037 _cAnnuals, Advances
040 _aSDCL
_cSDCL
_beng
041 _2eng
_aeng
082 _aB466, K9
100 _aChambers L I G
_9509987
245 0 _aCourse in vector analysis.
260 _c1969
942 _hB466, K9
_cREF
_2CC
999 _c829988
_d829988